Statistiques concernant Réponse manquante - Histoire

Cliquez ici pour prendre le quiz!

Statistiques générales

  • Ce quiz a été pris 606 fois
  • Le résultat moyen est 8 sur 18

Statistiques - réponses

Information recherchéeRéponsesRéponse manquante% Correct
Dirigeants présents à la Conférence de Yalta en 1945Joseph Staline, Franklin D. Roosevelt, ...Winston Churchill
87%
Pays fondateurs de la CEE en 1957Allemagne, France, Belgique, Pays-Bas, Italie, ...Luxembourg
80%
Membres de la Triple-Alliance en 1882Allemagne, Autriche-Hongrie, ...Italie
76%
Villes qui s'affrontaient lors de la Guerre du PéloponnèseAthènes, ...Sparte
65%
États des États-Unis depuis le XXe siècleOklahoma, Nouveau-Mexique, Arizona, Hawaï, ...Alaska
62%
Îles sur lesquelles Napoléon Bonaparte fut exiléSainte-Hélène, ...L'Île d'Elbe
57%
Principaux anciens noms d'IstanbulConstantinople, ...Byzance
53%
Empereurs romains de la dynastie des Julio-ClaudiensAuguste, Tibère, Caligula, Claude, ...Néron
50%
Capitales allemandes entre 1949 et 1990Berlin, ...Bonn
41%
Pays que Simón Bolívar a menés à l'indépendanceBolivie, Vénézuela, Pérou, Équateur, Colombie, ...Panama
37%
Dynasties opposées lors de la Guerre de Cent AnsPlantagenêt, ...Valois
31%
Colonies portugaises devenues indépendantes en 1974-1975Angola, Guinée-Bissau, São Tomé et Príncipe, Cap-Vert, ... Mozambique
30%
Premières provinces du Canada en 1867Nouveau-Brunscwick, Nouvelle-Écosse, Québec, ...Ontario
30%
Présidents français assassinésPaul Doumer, ...Sadi Carnot
30%
Membres d'équipage d'Apollo 11Neil Armstrong, Buzz Aldrin, ...Michael Collins
24%
Prénoms des Rois des BelgesLéopold, Albert, Philippe, ...Baudouin
21%
Périodes du MésozoïqueCrétacé, Jurassique, ...Trias
21%
Rois de France ayant régné plus de 50 ansLouis XIV, Louis XV, ...Clotaire Ier
2%

Distribution des résultats

Percentile par nombre de réponses

% des personnes avec chaque résultat

Votre développement - résultats

Vous n’avez pas pris ce quiz